Gender in TV Show Titles Quiz Stats

 Plays Quiz Updated Jun 19, 2018

Challenge
Share
Tweet
Embed
Score 0/40 Timer 05:00
9 Plays Today
Question Answer Wrong Answers
Two And A Half _____ (2003 - 2015)
Jon Cryer, Conchata Ferrell
Men
95.5%
Women
0.3%
Wonder _____ (1975 - 1979)
Lyle Waggoner, Lynda Carter
Woman
95.4%
Man
0.5%
Family _____ (1999 - 2003; 2005 - present)
(animated) Seth MacFarlane, Mila Kunis
Guy
95.4%
Gal
0.4%
Gossip _____ (2007 - 2012)
Penn Badgley, Blake Lively
Girl
95.3%
Boy
0.5%
Last _____ Standing (2011 - present)
Tim Allen, Nancy Travis
Man
95.2%
Woman
0.6%
How I Met Your _____ (2005 - 2014)
Jason Segel, Cobie Smulders
Mother
95.1%
Father
0.7%
Gilmore _____ (2000 - 2007)
Scott Patterson, Lauren Graham
Girls
95.1%
Boys
0.7%
Mad _____ (2007 - 2015)
Jon Hamm, Elisabeth Moss
Men
95%
Women
0.9%
_____ of Anarchy ( 2008 - 2014)
Charlie Hunnam, Katey Sagal
Sons
94.8%
Daughters
1.1%
_____ of the Hill (1997 - 2010)
(animated) Mike Judge, Kathy Najimy
King
94.8%
Queen
1.2%
Sanford and _____ (1972 - 1977)
Redd Foxx, LaWanda Page
Son
93.8%
Daughter
2%
The Golden _____ (1985 - 1992)
Herb Edelman, Bea Arthur
Girls
93.7%
Boys
2%
The _____ from U.N.C.L.E. (1964 - 1968)
Robert Vaughn, Sharyn Hillyer
Man
93.2%
Woman
2.7%
The _____ of Queens (1998 - 2007)
Kevin James, Leah Remini
King
93%
Queen
2.9%
New _____ (2011 - 2018)
Jake Johnson, Zooey Deschanel
Girl
92.9%
Boy
3%
Big _____ (2000 - present)
host - Julie Chen
Brother
92.7%
Sister
3.1%
Two Guys, A _____ And A Pizza Place (1998 - 1999)
Ryan Reynolds, Traylor Howard
Girl
92.1%
Boy
3.7%
The Good _____ (2010)
Colin Hanks, Jenny Wade
Guys
91.2%
Gals
4.6%
The Six Million Dollar _____ (1974 - 1978)
Lee Majors, Farrah Fawcett
Man
91.1%
Woman
4.8%
The Fall _____ (1981 - 1986)
Lee Majors, Heather Thomas
Guy
90.2%
Gal
5.5%
The Farmer's _____ (1963 - 1966)
William Windom, Inger Stevens
Daughter
87.8%
Son
8.1%
Designing _____ (1986 - 1993)
Meshach Taylor, Dixie Carter
Women
85.4%
Men
10.4%
Dr. Quinn, Medicine _____ (1993 - 1998)
Joe Lando, Jane Seymour
Woman
85.2%
Man
10.7%
That _____ (1966 - 1971)
Ted Bessell, Marlo Thomas
Girl
83%
Boy
12.9%
_____, _____ (1994 - 1999)
Tim Reid, Tia Mowry-Hardrict
Sister
82.8%
Brother
13%
_____ (2012 - 2017)
Adam Driver, Lena Dunham
Girls
81.3%
Boys
14.5%
My Three _____ (1960 - 1972)
Fred MacMurray, Tina Cole
Sons
80.7%
Daughters
15%
Chico And The _____ (1974 - 1978)
Jack Albertson, Della Reese
Man
78.5%
Woman
17.2%
_____ In Trees (2006 - 2008)
Abraham Benrubi, Anne Heche
Men
77.7%
Women
18%
About A _____ (2014 - 2015)
David Walton, Minnie Driver
Boy
75.5%
Girl
20.4%
_____ Knows Best (1954 - 1960)
Robert Young, Jane Wyatt
Father
74.6%
Mother
21.4%
All-American _____ (1994 - 1995)
Clyde Kusatsu, Margaret Cho
Girl
73.8%
Boy
22%
2 Broke _____ (2011 - 2017)
Garrett Morris, Kat Dennings
Girls
73.6%
Boys
22.3%
The _____ With Something Extra (1973 - 1974)
John Davidson, Sally Field
Girl
72.5%
Boy
23.1%
The Bionic _____ (1976 - 1978)
Richard Anderson, Lindsay Wagner
Woman
69.2%
Man
26.8%
Police _____ (1974 - 1978)
Earl Holliman, Angie Dickinson
Woman
68.9%
Man
26.9%
The Courtship of Eddie's _____ (1969 - 1972)
Bill Bixby, Miyoshi Umeki
Father
64.5%
Mother
31.3%
My _____ The Car (1965 - 1966)
Jerry Van Dyke, Ann Sothern
Mother
58%
Father
37.7%
My _____ Sam (1986 - 1988)
Joel Brooks, Pam Dawber
Sister
51.1%
Brother
44.8%
_____ for a Day (1956 - 1964)
host - Jack Bailey
Queen
39.6%
King
56.3%

You're not logged in!

Compare scores with friends on all Sporcle quizzes.
OR
Log In

You Might Also Like...

Show Comments

Extras

Top Quizzes Today


Score Distribution

Your Account Isn't Verified!

In order to create a playlist on Sporcle, you need to verify the email address you used during registration. Go to your Sporcle Settings to finish the process.

Report this User

Report this user for behavior that violates our Community Guidelines.

Details: